| 000 | 00639nam a22002177a 4500 | ||
|---|---|---|---|
| 999 |
_c9175 _d9175 |
||
| 003 | GBCCL | ||
| 005 | 20241126110706.0 | ||
| 008 | 220420b ||||| |||| 00| 0 eng d | ||
| 020 | _a0860651053 | ||
| 020 | _a9789384302108 | ||
| 040 | _cgbc | ||
| 082 |
_a248 _bPOO |
||
| 100 |
_aPoonen, Zac _96850 |
||
| 245 |
_aOne body in Christ : _bthe meaning of Christian fellowship / _cZac Poonen |
||
| 260 |
_aBangalore : _bCFC, _c1974 |
||
| 300 |
_a60 pages ; _c18 cm |
||
| 650 |
_aFellowship _vReligious aspects _xChristianity. _915981 |
||
| 650 |
_aChristian life. _9183 |
||
| 650 |
_aChristian church _vFellowship _915982 |
||
| 942 |
_2ddc _cBK |
||